বিষয়বস্তু এড়িয়ে যান
VuFind
ভাষা
English
Deutsch
Español
Français
Italiano
日本語
Nederlands
Português
Português (Brasil)
中文(简体)
中文(繁體)
Türkçe
עברית
Gaeilge
Cymraeg
Ελληνικά
Català
Euskara
Русский
Čeština
Suomi
Svenska
polski
Dansk
slovenščina
اللغة العربية
বাংলা
Galego
Tiếng Việt
Hrvatski
हिंदी
সমস্ত ক্ষেত্রসমূহ
আখ্যা
লেখক
বিষয়
ডাক সংখ্যা
আইসবিএন/আইএসএসএন
ট্যাগ
অনুসন্ধান
বিস্তৃত
অনুসন্ধান
Breaking and Dissipation of Oc...
সাইট করুন
এই ই-মেইলটি
মুদ্রণ
নথি এক্সপোর্ট করুন
এক্সপোর্ট করুন RefWorks
এক্সপোর্ট করুন EndNoteWeb
এক্সপোর্ট করুন EndNote
permanent_link
লোডিং...
Breaking and Dissipation of Ocean Surface Waves
গ্রন্থ-পঞ্জীর বিবরন
প্রধান লেখক:
Alexander
হোল্ডিংস
বিবরন
অনুরূপ উপাদানগুলি
স্টাফেদের বিবরণ দেখুন
LEADER
00197 a2200097 4500
020
260
942
|c
BK
|6
_
245
|a
Breaking and Dissipation of Ocean Surface Waves
100
|a
Alexander
999
|c
62728
|d
62728
অনুরূপ উপাদানগুলি
Breaking and dissipation of ocean surface waves
অনুযায়ী: Babanin, Alexander V.
প্রকাশিত: (2011)
Breaking and dissipation of ocean surface waves
অনুযায়ী: Babanin, Alexander V.
প্রকাশিত: (2011)
Breaking and dissipation of ocean surface waves
অনুযায়ী: Babanin, Alexander V.
প্রকাশিত: (2011)
Breaking and Dissipation of Ocean Surface Waves
অনুযায়ী: Alxander
Ocean waves breaking aerosol fluxes
অনুযায়ী: Massel, Stanislaw R.
প্রকাশিত: (2010)
লোডিং...